KING OF THE MISCHIEVOUS SOUTH - Statistics

General Stats
  • This quiz has been taken 19 times
  • The average score is 9 of 15
Answer Stats
Hint Answer % Correct
2 ULTRA SHXT (with Key Nyata)
86%
12 COLE PIMP (with Ty Dolla $ign & Juicy J)
71%
11 GOT ME GEEKED
71%
4 HOT ONE (with TiaCorine & A$AP Ferg)
71%
3 SET IT (with Maxo Kream)
71%
10 SKED (with Kenny Mason & Project Pat)
71%
17 STILL IN THE PAINT (with LAZER DIM 700 & Bktherula)
71%
15 WISHLIST (with Armani White)
71%
6 BLACK FLAG FREESTYLE (with That Mexican OT)
57%
8 G'Z UP (with 2 Chainz, Mike Dimes)
57%
16 HIT THE FLOOR (with Ski Mask The Slump God)
43%
18 HOODLUMZ (with PlayThatBoiZay & A$AP Rocky)
43%
13 P.O.P. (with Key Nyata & Sauce Walka)
43%
5 ACT A DAMN FOOL (with Duke Deuce & Slim Guerilla)
29%
14 ANOTHA LATE NITE (with 454)
29%
No matching quizzes found
Score Distribution
Percent of People with Each Score
Percentile by Number Answered
Your Score History
You have not taken this quiz